| 000 | 00927nam a2200265 i 4500 | ||
|---|---|---|---|
| 001 | 17654 | ||
| 003 | ES-MaACL | ||
| 005 | 20230906151632.0 | ||
| 007 | t| | ||
| 008 | 010419s2000 sp |||| | spa d | ||
| 020 | _a84-7039-876-8 | ||
| 080 | _a398.9(460)(082.2) | ||
| 100 | 1 |
_aCorreas, Gonzalo. _940766 |
|
| 245 | 1 | 0 |
_aVocabulario de refranes y frases proverbiales (1627) / _cGonzalo Correas ; edición de Louis Combet revisada por Robert Jammes y Maïte Mir-Andreu. |
| 260 |
_aMadrid : _bCastalia, _c[2000] |
||
| 300 |
_aXXXIII, 1177 p. ; _c25 cm. |
||
| 490 | 1 | _aNueva biblioteca de erudición y crítica | |
| 650 | 4 |
_aRefranes y proverbios- _zEspaña- _vDiccionarios. _916727 |
|
| 700 | 1 |
_aCombet, Louis. _939975 |
|
| 700 | 1 |
_aJammes, Robert. _965989 |
|
| 700 | 1 |
_aMir-Andreu, Maïte. _981429 |
|
| 830 | 0 |
_aNueva biblioteca de erudición y crítica _9180432 |
|
| 852 |
_aES-MaACL _jL-25873 |
||
| 999 |
_c17654 _d17654 |
||